00412nam a22001217a 450000500170000002000230001703500230004003700130006310000180007624501180009426000550021230000230026720180823143537.0 a8173914060c395.00 aB-058671, B-058673 aDPLbENG aChopra, H. S. aLibraries and the culture of knowledge :bAn indian retrospective from ancient to modern times /cby H. S. Chopra aNew DelhibKanishka Publishers, Distributorsc2001 axi, 160p.c20 cms.